书目信息 |
| 题名: |
X创新
|
|
| 作者: | 理查德森 著 ;钟磊 译 | |
| 分册: | ||
| 出版信息: | 武汉 华中科技大学出版社 2014.9 |
|
| 页数: | 304页 | |
| 开本: | 21cm | |
| 丛书名: | ||
| 单 册: | ||
| 中图分类: | F270 | |
| 科图分类: | ||
| 主题词: | 企业管理--qi ye guan li--研究 | |
| 电子资源: | ||
| ISBN: | 978-7-5680-0174-8 | |
| 000 | 01227nam0 2200277 450 | |
| 001 | 0100004814 | |
| 005 | 20141112172158.3 | |
| 010 | @a978-7-5680-0174-8@b精装@dCNY56.00 | |
| 100 | @a20141110d2014 em y0chiy0121 ea | |
| 101 | 1 | @achi@ceng |
| 102 | @aCN@b420000 | |
| 105 | @aa z 000yy | |
| 106 | @ar | |
| 200 | 1 | @aX创新@AXchuang xin@d= Innovation X@e企业逆境重生@f(美) Adam Richardson著@g钟磊译@zeng |
| 210 | @a武汉@c华中科技大学出版社@d2014.9 | |
| 215 | @a304页@c图@d21cm | |
| 314 | @a责任者Richardson规范汉译姓: 理查德森; Adam Richardson, 青蛙设计公司创意总监, 全球创新和设计顾问。 | |
| 330 | @a“创新”是商业中最广泛被使用和误解的一个词。创新原本是创造商业成功、改善用户生活、让世界变得更美的一种工具, 现在却被曲解成为一种结果。创新的概念模糊不清且几乎不可衡量。然而, 问题不是出在“创新”上, 而是出在“问题和解决方案”上。 | |
| 500 | 10 | @aInnovation X : why a company's toughest problems are its greatest advantage@mChinese |
| 517 | 1 | @a企业逆境重生@Aqi ye ni jing chong sheng |
| 606 | 0 | @a企业管理@Aqi ye guan li@x研究 |
| 690 | @aF270@v5 | |
| 701 | 1 | @a理查德森@Ali cha de sen@g(Richardson, Adam)@4著 |
| 702 | 0 | @a钟磊@Azhong lei@4译 |
| 801 | 0 | @aCN@c20160515 |
| 905 | @a河南城建学院图书馆@dF270@eL3544 | |
| X创新= Innovation X:企业逆境重生/(美) Adam Richardson著/钟磊译.-武汉:华中科技大学出版社,2014.9 |
| 304页:图;21cm |
| ISBN 978-7-5680-0174-8(精装):CNY56.00 |
| “创新”是商业中最广泛被使用和误解的一个词。创新原本是创造商业成功、改善用户生活、让世界变得更美的一种工具, 现在却被曲解成为一种结果。创新的概念模糊不清且几乎不可衡量。然而, 问题不是出在“创新”上, 而是出在“问题和解决方案”上。 |
| ● |
| 相关链接 |
|
|
|
正题名:X创新
索取号:F270/L3544
 
预约/预借
| 序号 | 登录号 | 条形码 | 馆藏地/架位号 | 状态 | 备注 |
| 1 | 1253870 | 212538707 | 社科库409/409社科库 83排4列4层/ [索取号:F270/L3544] | 在馆 | |
| 2 | 1253871 | 212538716 | 社科库409/409社科库 83排4列4层/ [索取号:F270/L3544] | 在馆 | |
| 3 | 1253872 | 212538725 | 社科库409/409社科库 83排4列4层/ [索取号:F270/L3544] | 在馆 |